00487 2200205 4500001002100000008004100021035002000062082000800082084001400090100001700104245005000121250000600171260003200177300001100209650001300220990001200233990001200245990001200257990001200269INLIS000000000000667 ind  a0010-0424000643 a600 a600 LIU n aSi Yuan, Liu aNama-Nama Besar; Gaya Tarik ApelcLiu Si Yuan a1 aBandung :bPakar Rayac2007 a40 hlm aNonfiksi a0721722 a0721723 a0721724 a0721725